[Event "Titled Tuesday intern op 30th Mar"]
[Site "Chess.com INT"]
[Date "2021.03.30"]
[Round "5"]
[White "Medvedyk, Volodymyr"]
[Black "De Borba, Guilherme"]
[Result "0-1"]
[WhiteElo "2159"]
[BlackElo "2270"]
[PlyCount "36"]
[EventDate "2021.03.30"]
[EventType "swiss (blitz)"]
[EventRounds "11"]
[EventCountry "USA"]
[SourceTitle "CBM 201 Extra"]
[Source "ChessBase"]
[SourceDate "2021.05.31"]
[SourceVersion "1"]
[SourceVersionDate "2021.05.31"]
[SourceQuality "1"]

1. c4 Nf6 2. g3 e5 3. Bg2 d5 4. cxd5 Nxd5 5. Nf3 Nc6 6. 0-0 Be7 7. d4 exd4 8. Nxd4 Nxd4 9. Qxd4 Nf6 10. Qa4+ c6 11. Rd1 Qb6 12. Nc3 0-0 13. Qc2 Ng4 14. e4 Nxf2 15. Na4 Nh3+ 16. Kh1 Qf2 17. Bd2 Qg1+ 18. Rxg1 Nf2# 0-1

[Event "Titled Tuesday intern op 30th Mar"]
[Site "Chess.com INT"]
[Date "2021.03.30"]
[Round "3"]
[White "Svane, Frederik"]
[Black "De Borba, Guilherme"]
[Result "1-0"]
[WhiteElo "2421"]
[BlackElo "2270"]
[PlyCount "35"]
[EventDate "2021.03.30"]
[EventType "swiss (blitz)"]
[EventRounds "11"]
[EventCountry "USA"]
[SourceTitle "CBM 201 Extra"]
[Source "ChessBase"]
[SourceDate "2021.05.31"]
[SourceVersion "1"]
[SourceVersionDate "2021.05.31"]
[SourceQuality "1"]

1. a3 e5 2. d4 exd4 3. Qxd4 Nc6 4. Qd3 Nf6 5. Nf3 d5 6. b3 Bc5 7. Bb2 0-0 8. e3 Ne4 9. Nc3 Nxc3 10. Qxc3 Qf6 11. Qxf6 gxf6 12. Bxf6 Re8 13. Bd3 d4 14. b4 Bb6 15. b5 dxe3 16. bxc6 exf2+ 17. Kf1 bxc6 18. Bh4 1-0

[Event "Timbo op"]
[Site "Timbo"]
[Date "2021.02.19"]
[Round "2"]
[White "Valio, Daniel Santos Marqu"]
[Black "De Borba, Guilherme"]
[Result "0-1"]
[WhiteElo "1820"]
[BlackElo "2278"]
[PlyCount "120"]
[EventDate "2021.02.19"]
[EventType "swiss"]
[EventRounds "6"]
[EventCountry "BRA"]
[SourceTitle "EXT 2022"]
[Source "ChessBase"]
[SourceDate "2021.10.06"]
[SourceVersion "1"]
[SourceVersionDate "2021.10.06"]
[SourceQuality "1"]

1. e4 e5 2. Nf3 Nc6 3. d4 exd4 4. Nxd4 Nf6 5. Nxc6 bxc6 6. e5 Nd5 7. c4 Nb6 8. Bd3 d5 9. exd6 cxd6 10. 0-0 Be7 11. Nc3 0-0 12. Qh5 g6 13. Qf3 d5 14. cxd5 cxd5 15. Bh6 Re8 16. Rfd1 Bg5 17. Bxg5 Qxg5 18. h3 Be6 19. Nb5 Re7 20. Nd4 Rc8 21. Ba6 Rcc7 22. b3 Nd7 23. Qg3 Qxg3 24. fxg3 Nc5 25. Bd3 Ne4 26. g4 Kg7 27. Nb5 Rc5 28. b4 Rxb5 29. Bxb5 Nc3 30. Bc6 Nxd1 31. Rxd1 Rc7 32. b5 Bd7 33. Rxd5 Bxc6 34. Rc5 Kf6 35. bxc6 Ke6 36. Kf2 Kd6 37. Rc3 Rxc6 38. Rd3+ Kc5 39. g5 a5 40. Rf3 Kb4 41. a3+ Ka4 42. g4 Rc7 43. Rd3 Rb7 44. h4 Rb2+ 45. Ke3 Rh2 46. h5 gxh5 47. Kf4 hxg4 48. Kxg4 h6 49. gxh6 Rxh6 50. Rf3 Rg6+ 51. Kf5 Re6 52. Rd3 Re1 53. Rf3 Re7 54. Kf6 Rb7 55. Ke5 Rb3 56. Rxf7 Kxa3 57. Kd4 a4 58. Ra7 Rb1 59. Kc3 Rc1+ 60. Kd2 Rc5 0-1

[Event "Titled Tuesday intern op 10th Nov"]
[Site "Chess.com INT"]
[Date "2020.11.10"]
[Round "5"]
[White "Mikhailovsky, Vladimir"]
[Black "De Borba, Guilherme"]
[Result "1-0"]
[WhiteElo "2228"]
[BlackElo "2279"]
[PlyCount "49"]
[EventDate "2020.11.10"]
[EventType "swiss (blitz)"]
[EventRounds "11"]
[EventCountry "USA"]
[SourceTitle "CBM 199 Extra"]
[Source "ChessBase"]
[SourceDate "2021.01.31"]
[SourceVersion "1"]
[SourceVersionDate "2021.01.31"]
[SourceQuality "1"]

1. e4 c6 2. d4 d5 3. exd5 cxd5 4. Bd3 Nf6 5. h3 Nc6 6. c3 g6 7. Qc2 Bg7 8. Nf3 0-0 9. 0-0 Qc7 10. Re1 Bd7 11. Bg5 Rfc8 12. Re2 e6 13. Qd2 Rab8 14. a4 a6 15. Na3 Na5 16. Bf4 Qc6 17. Bxb8 Rxb8 18. Ne5 Qxa4 19. Nc2 Qb3 20. Rxa5 Qxb2 21. Nxd7 Nxd7 22. Nb4 Qb3 23. Re1 Nb6 24. Rb1 Nc4 25. Qc1 1-0

[Event "Titled Tuesday intern op 27th Oct"]
[Site "Chess.com INT"]
[Date "2020.10.27"]
[Round "4"]
[White "Chernomordik, Pavel"]
[Black "De Borba, Guilherme"]
[Result "1-0"]
[WhiteElo "2177"]
[BlackElo "2279"]
[PlyCount "95"]
[EventDate "2020.10.27"]
[EventType "swiss (blitz)"]
[EventRounds "11"]
[EventCountry "USA"]
[SourceTitle "CBM 199 Extra"]
[Source "ChessBase"]
[SourceDate "2021.01.31"]
[SourceVersion "1"]
[SourceVersionDate "2021.01.31"]
[SourceQuality "1"]

1. e4 c6 2. Nc3 d5 3. Nf3 Bg4 4. Be2 e6 5. d4 Nd7 6. 0-0 Ne7 7. Ne5 Bxe2 8. Qxe2 Nxe5 9. dxe5 d4 10. Nd1 c5 11. f4 Nc6 12. Nf2 Be7 13. c4 dxc3 14. bxc3 0-0 15. Be3 Qa5 16. Qc2 Rfd8 17. Rab1 Qa6 18. Rfd1 b6 19. Ng4 Qc4 20. Bf2 Nb4 21. Qb3 Qxb3 22. axb3 Nc6 23. Kf1 Kf8 24. Ke2 h5 25. Ne3 Rxd1 26. Rxd1 Rd8 27. Ra1 f6 28. exf6 gxf6 29. f5 Kf7 30. Bg3 Bd6 31. Bxd6 Rxd6 32. Nc4 Rd8 33. Ne3 Rd7 34. Nc4 Ke7 35. Rf1 b5 36. Ne3 Ne5 37. fxe6 Kxe6 38. Nd5 Rf7 39. Nf4+ Ke7 40. Nxh5 Rh7 41. Nxf6 Rxh2 42. Nd5+ Kd7 43. Kf2 Rh4 44. Ke3 Rh2 45. Kf2 Rh4 46. Ra1 Rxe4 47. Nf6+ Kd6 48. Nxe4+ 1-0

[Event "Titled Tuesday intern op 27th Oct"]
[Site "Chess.com INT"]
[Date "2020.10.27"]
[Round "10"]
[White "De Borba, Guilherme"]
[Black "Souza Neves, Andrey Marcelo"]
[Result "1-0"]
[WhiteElo "2279"]
[BlackElo "2087"]
[PlyCount "87"]
[EventDate "2020.10.27"]
[EventType "swiss (blitz)"]
[EventRounds "11"]
[EventCountry "USA"]
[SourceTitle "CBM 199 Extra"]
[Source "ChessBase"]
[SourceDate "2021.01.31"]
[SourceVersion "1"]
[SourceVersionDate "2021.01.31"]
[SourceQuality "1"]

1. d4 d5 2. Bf4 Nf6 3. e3 c5 4. c3 Nc6 5. Nd2 Bf5 6. Qb3 Qb6 7. Qxb6 axb6 8. Bb5 e6 9. Ngf3 Nd7 10. a4 Be7 11. h3 0-0 12. g4 Bg6 13. h4 h6 14. h5 Bh7 15. g5 hxg5 16. Nxg5 Bxg5 17. Bxg5 f6 18. Bh4 e5 19. Bxc6 bxc6 20. Rg1 Kf7 21. Nf3 cxd4 22. exd4 e4 23. Nh2 c5 24. Kd2 Rfc8 25. Rgc1 Ra5 26. Nf1 c4 27. Ne3 f5 28. Bg3 Ke6 29. Rg1 Rca8 30. Bf4 Rxa4 31. Rxa4 Rxa4 32. Rxg7 Nf6 33. Be5 b5 34. Bxf6 Kxf6 35. Rxh7 b4 36. Nxd5+ Kg5 37. Nxb4 f4 38. h6 Ra1 39. Rh8 Rh1 40. h7 Kg4 41. Rg8+ Kf3 42. h8Q Rf1 43. Qh3+ Kxf2 44. Rg2# 1-0

[Event "Titled Tuesday intern op 27th Oct"]
[Site "Chess.com INT"]
[Date "2020.10.27"]
[Round "6"]
[White "Kabanova, Ekaterina"]
[Black "De Borba, Guilherme"]
[Result "0-1"]
[WhiteElo "2138"]
[BlackElo "2279"]
[PlyCount "88"]
[EventDate "2020.10.27"]
[EventType "swiss (blitz)"]
[EventRounds "11"]
[EventCountry "USA"]
[SourceTitle "CBM 199 Extra"]
[Source "ChessBase"]
[SourceDate "2021.01.31"]
[SourceVersion "1"]
[SourceVersionDate "2021.01.31"]
[SourceQuality "1"]

1. c4 e5 2. e3 Nf6 3. a3 Nc6 4. b4 g6 5. Bb2 d6 6. b5 Ne7 7. h4 Bg7 8. Be2 h5 9. Qc2 0-0 10. d3 c6 11. a4 Nf5 12. Nf3 Re8 13. Nbd2 Ng4 14. bxc6 bxc6 15. Ng5 d5 16. Bxg4 hxg4 17. cxd5 cxd5 18. e4 Nd4 19. Bxd4 exd4 20. Qc6 Rb8 21. 0-0 Bb7 22. Qc5 Qb6 23. Qxb6 axb6 24. exd5 Bxd5 25. Nge4 Rec8 26. g3 Rc2 27. Rfc1 Rbc8 28. Rxc2 Rxc2 29. Rd1 Ra2 30. Nd6 Rxa4 31. Nc8 Be6 32. Nxb6 Rb4 33. Nbc4 Bh6 34. Ne5 Bd5 35. Nxg4 Bxd2 36. Nf6+ Kg7 37. Nxd5 Rb2 38. Kg2 f5 39. Kf3 Kf7 40. Ra1 Ke6 41. Nc7+ Kd6 42. Ne8+ Ke7 43. Nc7 Kd7 44. Na6 Kc6 0-1

[Event "Titled Tuesday intern op 27th Oct"]
[Site "Chess.com INT"]
[Date "2020.10.27"]
[Round "2"]
[White "Matveeva, Olga"]
[Black "De Borba, Guilherme"]
[Result "0-1"]
[WhiteElo "2171"]
[BlackElo "2279"]
[PlyCount "98"]
[EventDate "2020.10.27"]
[EventType "swiss (blitz)"]
[EventRounds "11"]
[EventCountry "USA"]
[SourceTitle "CBM 199 Extra"]
[Source "ChessBase"]
[SourceDate "2021.01.31"]
[SourceVersion "1"]
[SourceVersionDate "2021.01.31"]
[SourceQuality "1"]

1. d4 Nf6 2. c4 e6 3. g3 Bb4+ 4. Bd2 Be7 5. Bg2 d5 6. Nf3 0-0 7. 0-0 c6 8. Qc2 Nbd7 9. Bf4 Ne4 10. Nc3 Nd6 11. c5 Nf5 12. e4 dxe4 13. Nxe4 Nf6 14. Rad1 Nxe4 15. Qxe4 Bf6 16. Be5 Qd5 17. Rfe1 Qxe4 18. Rxe4 Rd8 19. g4 Ne7 20. Bd6 Nd5 21. Ne5 Be7 22. Nc4 Bxd6 23. Nxd6 b6 24. a3 Ba6 25. b4 bxc5 26. dxc5 Rab8 27. Red4 Nc3 28. R1d2 Ne2+ 29. Rxe2 Bxe2 30. Bxc6 Kf8 31. f3 Ke7 32. Kf2 Ba6 33. Be4 Bc8 34. Ke3 e5 35. Rd2 g6 36. Rc2 Be6 37. Rd2 a5 38. b5 f5 39. gxf5 gxf5 40. Bc6 Bd7 41. Bxd7 Rxd7 42. Nxf5+ Kd8 43. Nd6 Kc7 44. a4 Rg8 45. Ke4 Rf7 46. Kxe5 Rxf3 47. Ne4 Re8+ 48. Kd4 Rf4 49. Ke3 Rfxe4+ 0-1

[Event "Titled Tuesday intern op 06th Oct"]
[Site "Chess.com INT"]
[Date "2020.10.06"]
[Round "5"]
[White "Arabidze, Meri"]
[Black "De Borba, Guilherme"]
[Result "1-0"]
[WhiteElo "2437"]
[BlackElo "2279"]
[PlyCount "67"]
[EventDate "2020.10.06"]
[EventType "swiss (blitz)"]
[EventRounds "10"]
[EventCountry "USA"]
[SourceTitle "CBM 198 Extra"]
[Source "ChessBase"]
[SourceDate "2020.11.30"]
[SourceVersion "1"]
[SourceVersionDate "2020.11.30"]
[SourceQuality "1"]

1. d4 Nf6 2. c4 e6 3. Nf3 d5 4. Nc3 a6 5. cxd5 exd5 6. Bg5 Be6 7. e3 Nbd7 8. Bd3 h6 9. Bh4 Bd6 10. 0-0 c6 11. Rb1 a5 12. a3 0-0 13. b4 axb4 14. axb4 Ra3 15. Qc2 Qc7 16. Rfc1 Rc8 17. Qb2 Raa8 18. Nb5 Qb8 19. Nxd6 Qxd6 20. Bg3 Qe7 21. b5 c5 22. dxc5 Nxc5 23. Bf1 Bf5 24. Ra1 Rxa1 25. Rxa1 Nfe4 26. Be5 Bg4 27. Bxg7 Bxf3 28. Bxh6 f6 29. gxf3 Kh7 30. Bf4 Rg8+ 31. Bg3 Nxg3 32. hxg3 Qe6 33. Qc2+ Kg7 34. Qxc5 1-0

[Event "Titled Tuesday intern op 06th Oct"]
[Site "Chess.com INT"]
[Date "2020.10.06"]
[Round "1"]
[White "De Borba, Guilherme"]
[Black "Abdusattorov, Nodirbek"]
[Result "0-1"]
[WhiteElo "2279"]
[BlackElo "2627"]
[PlyCount "42"]
[EventDate "2020.10.06"]
[EventType "swiss (blitz)"]
[EventRounds "10"]
[EventCountry "USA"]
[SourceTitle "CBM 198 Extra"]
[Source "ChessBase"]
[SourceDate "2020.11.30"]
[SourceVersion "1"]
[SourceVersionDate "2020.11.30"]
[SourceQuality "1"]

1. d4 d5 2. Bf4 Nf6 3. e3 c5 4. c3 Nc6 5. Nd2 Bf5 6. Ngf3 Qb6 7. Qb3 c4 8. Qxb6 axb6 9. a3 b5 10. Rc1 h6 11. h3 e6 12. Ne5 Nxe5 13. Bxe5 Nd7 14. Bf4 Nb6 15. g4 Bh7 16. Bg2 Na4 17. e4 Nxb2 18. Bg3 Nd3+ 19. Ke2 Nxc1+ 20. Rxc1 Bxa3 21. Re1 0-0 0-1

[Event "Titled Tuesday intern op 06th Oct"]
[Site "Chess.com INT"]
[Date "2020.10.06"]
[Round "6"]
[White "De Borba, Guilherme"]
[Black "Mikhailovsky, Vladimir"]
[Result "0-1"]
[WhiteElo "2279"]
[BlackElo "2228"]
[PlyCount "56"]
[EventDate "2020.10.06"]
[EventType "swiss (blitz)"]
[EventRounds "10"]
[EventCountry "USA"]
[SourceTitle "CBM 198 Extra"]
[Source "ChessBase"]
[SourceDate "2020.11.30"]
[SourceVersion "1"]
[SourceVersionDate "2020.11.30"]
[SourceQuality "1"]

1. d4 Nf6 2. Bf4 c6 3. Nc3 d5 4. e3 Bf5 5. Nf3 e6 6. Ne5 Qb6 7. Rb1 Nfd7 8. Bd3 Nxe5 9. Bxe5 Nd7 10. Bxf5 exf5 11. Bg3 g6 12. h4 h5 13. 0-0 Bg7 14. Ne2 0-0 15. Qd3 Nf6 16. Be5 Ne4 17. Bxg7 Kxg7 18. Nf4 Rfe8 19. c4 dxc4 20. Qc2 Qa6 21. b3 c3 22. Rfd1 Qa5 23. b4 Qd8 24. Ne2 Qxh4 25. Nxc3 Nf6 26. b5 Ng4 27. b6 Qh2+ 28. Kf1 Rxe3 0-1

[Event "Titled Tuesday intern op 06th Oct"]
[Site "Chess.com INT"]
[Date "2020.10.06"]
[Round "8"]
[White "Oliveira, Silvio Eduardo"]
[Black "De Borba, Guilherme"]
[Result "1/2-1/2"]
[WhiteElo "2304"]
[BlackElo "2279"]
[PlyCount "132"]
[EventDate "2020.10.06"]
[EventType "swiss (blitz)"]
[EventRounds "10"]
[EventCountry "USA"]
[SourceTitle "CBM 198 Extra"]
[Source "ChessBase"]
[SourceDate "2020.11.30"]
[SourceVersion "1"]
[SourceVersionDate "2020.11.30"]
[SourceQuality "1"]

1. e4 c6 2. d4 d5 3. exd5 cxd5 4. Bd3 Nc6 5. c3 Nf6 6. Bf4 g6 7. Nf3 Bf5 8. Ne5 Bxd3 9. Nxd3 Bg7 10. Nd2 0-0 11. 0-0 Nd7 12. Nf3 Qb6 13. Qb3 Qxb3 14. axb3 a6 15. b4 e6 16. Ra3 Rac8 17. Nc5 Nxc5 18. bxc5 f6 19. Re1 e5 20. Be3 e4 21. Nd2 g5 22. b4 h6 23. f3 f5 24. fxe4 dxe4 25. Bf2 Rce8 26. g4 fxg4 27. Rxe4 Rxe4 28. Nxe4 Rf3 29. Ra1 Ne7 30. Rc1 Nd5 31. Rc2 Nf4 32. Bg3 Nd5 33. Be5 Ne3 34. Rf2 Rxf2 35. Kxf2 Nd5 36. Ke2 h5 37. Kd3 h4 38. Bxg7 Kxg7 39. Nxg5 Kg6 40. Ne4 Kf5 41. Nd2 Kf4 42. Ke2 Nxc3+ 43. Kd3 Nd5 44. Kc4 Ne3+ 45. Kd3 g3 46. hxg3+ hxg3 47. Ke2 Nd5 48. Kf1 Nxb4 49. Kg2 Ke3 50. Nb3 Kf4 51. Na5 Nc6 52. Nxb7 Nxd4 53. Na5 Ke5 54. Kxg3 Kd5 55. c6 Nxc6 56. Nxc6 Kxc6 57. Kf2 Kb5 58. Ke1 Kb4 59. Kd1 Kb3 60. Kc1 Ka2 61. Kc2 a5 62. Kc1 a4 63. Kc2 a3 64. Kc1 Kb3 65. Kb1 a2+ 66. Ka1 Ka3 1/2-1/2

[Event "Titled Tuesday intern op 29th Sept"]
[Site "Chess.com INT"]
[Date "2020.09.29"]
[Round "10"]
[White "Cooper, Aaron"]
[Black "De Borba, Guilherme"]
[Result "0-1"]
[WhiteElo "1904"]
[BlackElo "2279"]
[PlyCount "118"]
[EventDate "2020.09.29"]
[EventType "swiss (blitz)"]
[EventRounds "10"]
[EventCountry "USA"]
[SourceTitle "CBM 198 Extra"]
[Source "ChessBase"]
[SourceDate "2020.11.30"]
[SourceVersion "1"]
[SourceVersionDate "2020.11.30"]
[SourceQuality "1"]

1. e4 c6 2. d4 d5 3. exd5 cxd5 4. Bd3 Nc6 5. c3 Nf6 6. Bf4 g6 7. Nf3 Bf5 8. 0-0 Bxd3 9. Qxd3 Bg7 10. Nbd2 0-0 11. Rfe1 e6 12. Ne5 Nxe5 13. Bxe5 Qa5 14. a4 Rfc8 15. b4 Qd8 16. f3 Nd7 17. Bxg7 Kxg7 18. a5 Nf6 19. Nb3 Ne8 20. Qe3 b6 21. Qe5+ Qf6 22. axb6 axb6 23. Qe3 Nd6 24. Rxa8 Rxa8 25. Ra1 Rxa1+ 26. Nxa1 Nc4 27. Qe1 Qf5 28. Nb3 Qc2 29. Na1 Qb2 30. h4 h5 31. Kh2 Kf8 32. Kh3 Ke7 33. g4 hxg4+ 34. fxg4 Nd6 35. h5 gxh5 36. gxh5 Qa2 37. Qh4+ Ke8 38. Qg3 Nf5 39. Qb8+ Ke7 40. Qc7+ Kf8 41. Qd8+ Kg7 42. Qg5+ Kh7 43. Qf6 Qxa1 44. Qxf7+ Ng7 45. Qg6+ Kh8 46. h6 Qxc3+ 47. Kh2 Qd2+ 48. Kh1 Qe1+ 49. Kh2 Qe2+ 50. Kg1 Qe3+ 51. Kh2 Nf5 52. Qf6+ Kh7 53. Qf7+ Kxh6 54. Qf6+ Kh5 55. Qh8+ Kg4 56. Qg8+ Kf3 57. Qg2+ Kf4 58. Qf1+ Qf3 59. Qd1 Qxd1 0-1

[Event "Titled Tuesday intern op 29th Sept"]
[Site "Chess.com INT"]
[Date "2020.09.29"]
[Round "3"]
[White "De Borba, Guilherme"]
[Black "Manafov, Vugar Gulam"]
[Result "1/2-1/2"]
[WhiteElo "2279"]
[BlackElo "2236"]
[PlyCount "208"]
[EventDate "2020.09.29"]
[EventType "swiss (blitz)"]
[EventRounds "10"]
[EventCountry "USA"]
[SourceTitle "CBM 198 Extra"]
[Source "ChessBase"]
[SourceDate "2020.11.30"]
[SourceVersion "1"]
[SourceVersionDate "2020.11.30"]
[SourceQuality "1"]

1. d4 Nf6 2. Bf4 e6 3. Nc3 Bd6 4. e3 0-0 5. Nf3 b6 6. Bd3 Ba6 7. 0-0 Bxf4 8. exf4 c5 9. Bxa6 Nxa6 10. Qe2 Nb4 11. Rad1 Qc7 12. g3 a6 13. a3 Nbd5 14. Nxd5 exd5 15. dxc5 bxc5 16. c4 dxc4 17. Qxc4 d5 18. Qc3 Rac8 19. Rfe1 Rfd8 20. b4 Ne4 21. Qb2 c4 22. Qd4 c3 23. Rc1 Qc4 24. Red1 c2 25. Rd3 Rc7 26. Qxc4 Rxc4 27. Nd2 Nxd2 28. Rxd2 Rdc8 29. Rxd5 Rc3 30. Rd2 g6 31. Kf1 R8c4 32. Ke2 Rxa3 33. Rcxc2 Rxb4 34. Rc8+ Kg7 35. Rc7 Rb5 36. Rdd7 Rf5 37. Ra7 Ra2+ 38. Kf3 g5 39. Kg4 Rf6 40. Kxg5 Rxf2 41. h4 Rg2 42. Rd3 Rg6+ 43. Kf5 R2xg3 44. Rxg3 Rxg3 45. Rxa6 h5 46. Ra1 Rg4 47. Rh1 Rg2 48. Rh3 Rg1 49. Rh2 Rg4 50. Rh3 Kf8 51. Kf6 Rg6+ 52. Kf5 Rg4 53. Kf6 Rxf4+ 54. Kg5 Rg4+ 55. Kxh5 Rg6 56. Rf3 Rg1 57. Rf5 Ke7 58. Rg5 Rf1 59. Kg4 Ke6 60. h5 f5+ 61. Kh4 Ke5 62. Rg6 Kf4 63. Kh3 Rh1+ 64. Kg2 Rxh5 65. Ra6 Rg5+ 66. Kf2 Rg7 67. Ra4+ Kg5 68. Ra5 Rc7 69. Kf3 Rb7 70. Kf2 Rb3 71. Kg2 Kg4 72. Kf2 f4 73. Ra8 Rb2+ 74. Kf1 Kg3 75. Rg8+ Kf3 76. Kg1 Rb1+ 77. Kh2 Kf2 78. Rg2+ Ke3 79. Rg8 f3 80. Re8+ Kf2 81. Ra8 Re1 82. Ra2+ Re2 83. Ra8 Ke1+ 84. Kg3 f2 85. Ra1+ Kd2 86. Rf1 Ke3 87. Kg2 Rb2 88. Rd1 Ke2 89. Rf1 Ke3 90. Rd1 Ra2 91. Rb1 Ra3 92. Kf1 Rd3 93. Ra1 Kf3 94. Rb1 Re3 95. Ra1 Kg3 96. Rb1 Rf3 97. Ra1 Kh3 98. Rb1 Rf4 99. Rb3+ Kh2 100. Rb2 Kg3 101. Rb3+ Kg4 102. Rb2 Rc4 103. Rxf2 Rf4 104. Rxf4+ Kxf4 1/2-1/2

[Event "Titled Tuesday intern op 29th Sept"]
[Site "Chess.com INT"]
[Date "2020.09.29"]
[Round "9"]
[White "De Borba, Guilherme"]
[Black "Mendonca, Leon Luke"]
[Result "0-1"]
[WhiteElo "2279"]
[BlackElo "2490"]
[PlyCount "53"]
[EventDate "2020.09.29"]
[EventType "swiss (blitz)"]
[EventRounds "10"]
[EventCountry "USA"]
[SourceTitle "CBM 198 Extra"]
[Source "ChessBase"]
[SourceDate "2020.11.30"]
[SourceVersion "1"]
[SourceVersionDate "2020.11.30"]
[SourceQuality "1"]

1. d4 Nf6 2. Bf4 b6 3. Nc3 Bb7 4. f3 d5 5. e3 e6 6. Qd2 a6 7. 0-0-0 c5 8. g4 h6 9. h4 Nc6 10. Bh3 g6 11. Nge2 Bg7 12. Ng3 Qe7 13. Nce2 e5 14. dxe5 Nxe5 15. Bg2 0-0-0 16. Nc3 Kb8 17. h5 Ka7 18. Bxe5 Qxe5 19. f4 Qe7 20. g5 Ne4 21. Bxe4 dxe4 22. Qg2 hxg5 23. fxg5 Qxg5 24. Qf2 gxh5 25. Nf5 Be5 26. Rdg1 Qf6 27. Qe1 0-1

[Event "Titled Tuesday intern op 29th Sept"]
[Site "Chess.com INT"]
[Date "2020.09.29"]
[Round "7"]
[White "De Borba, Guilherme"]
[Black "Zemerov, Vladimir"]
[Result "1-0"]
[WhiteElo "2279"]
[BlackElo "2268"]
[PlyCount "79"]
[EventDate "2020.09.29"]
[EventType "swiss (blitz)"]
[EventRounds "10"]
[EventCountry "USA"]
[SourceTitle "CBM 198 Extra"]
[Source "ChessBase"]
[SourceDate "2020.11.30"]
[SourceVersion "1"]
[SourceVersionDate "2020.11.30"]
[SourceQuality "1"]

1. d4 g6 2. Nc3 Bg7 3. e4 d6 4. Bf4 a6 5. Qd2 b5 6. 0-0-0 Bb7 7. f3 h6 8. h4 e6 9. Nh3 Ne7 10. h5 g5 11. Be3 Nd7 12. Kb1 Nb6 13. Nf2 b4 14. Ne2 a5 15. Ng3 Qd7 16. f4 gxf4 17. Bxf4 0-0-0 18. Be2 Kb8 19. Bf3 Nc4 20. Qe1 Qb5 21. Ka1 c5 22. e5 Bxf3 23. gxf3 dxe5 24. dxe5 Nd5 25. Bc1 Bxe5 26. Nge4 f5 27. Nd2 Nce3 28. Nb3 Bf6 29. Bxe3 c4 30. Nd4 Qa6 31. Qe2 Rhe8 32. Bxh6 Nc7 33. Be3 f4 34. Ne4 Be5 35. Bf2 Nd5 36. Nc5 Qb6 37. Qxe5+ Ka7 38. Ndxe6 Rxe6 39. Qxe6 Qxe6 40. Nxe6+ 1-0

[Event "Titled Tuesday intern op 29th Sept"]
[Site "Chess.com INT"]
[Date "2020.09.29"]
[Round "2"]
[White "Zaksaite, Salomeja"]
[Black "De Borba, Guilherme"]
[Result "0-1"]
[WhiteElo "2202"]
[BlackElo "2279"]
[PlyCount "66"]
[EventDate "2020.09.29"]
[EventType "swiss (blitz)"]
[EventRounds "10"]
[EventCountry "USA"]
[SourceTitle "CBM 198 Extra"]
[Source "ChessBase"]
[SourceDate "2020.11.30"]
[SourceVersion "1"]
[SourceVersionDate "2020.11.30"]
[SourceQuality "1"]

1. e4 c6 2. d4 d5 3. e5 Bf5 4. Nf3 e6 5. Be2 h6 6. 0-0 Ne7 7. Nbd2 Nd7 8. Nb3 Bh7 9. c3 Ng6 10. h3 Be7 11. Nh2 0-0 12. f4 f5 13. exf6 Nxf6 14. Ng4 Nh4 15. Qe1 Nf5 16. Nxf6+ Bxf6 17. Bg4 Re8 18. Bd2 Bh4 19. Qe5 Ng3 20. Bxe6+ Kh8 21. Rfe1 Bf5 22. Nc5 b6 23. Nb7 Qb8 24. Qxb8 Raxb8 25. Bxf5 Nxf5 26. Rxe8+ Rxe8 27. g4 Ng3 28. Re1 Ne4 29. Re2 Rb8 30. Rxe4 dxe4 31. Nd6 Rd8 32. Nxe4 Re8 33. Nd6 Re2 0-1

[Event "Titled Tuesday intern op 22nd Sept"]
[Site "Chess.com INT"]
[Date "2020.09.22"]
[Round "2"]
[White "De Borba, Guilherme"]
[Black "Najer, Evgeniy"]
[Result "0-1"]
[WhiteElo "2279"]
[BlackElo "2648"]
[PlyCount "86"]
[EventDate "2020.09.22"]
[EventType "swiss (blitz)"]
[EventRounds "10"]
[EventCountry "USA"]
[SourceTitle "CBM 198 Extra"]
[Source "ChessBase"]
[SourceDate "2020.11.30"]
[SourceVersion "1"]
[SourceVersionDate "2020.11.30"]
[SourceQuality "1"]

1. e4 c6 2. d4 d5 3. e5 Bf5 4. h4 h5 5. Bd3 Bxd3 6. Qxd3 Qa5+ 7. Nd2 e6 8. Ngf3 Ne7 9. 0-0 Nf5 10. c4 Be7 11. b3 Nd7 12. g3 Rd8 13. Kg2 dxc4 14. Nxc4 Qd5 15. Ne3 Qxf3+ 16. Kxf3 Nxe5+ 17. Ke4 Nxd3 18. Kxd3 Rxd4+ 19. Ke2 0-0 20. Nxf5 exf5 21. Be3 Re4 22. Kf3 Rd8 23. Rfd1 a5 24. Bb6 Rxd1 25. Rxd1 a4 26. Rd7 axb3 27. axb3 Rb4 28. Be3 Bf6 29. Rd3 Kh7 30. Ke2 Kg6 31. Kd1 Re4 32. Kc2 f4 33. Bxf4 Bxh4 34. Rd6+ Bf6 35. Kd3 Rb4 36. Kc2 h4 37. Rd7 h3 38. Rd1 Kf5 39. f3 Rxf4 40. gxf4 Kxf4 41. Rf1 Kg3 42. Kd3 h2 43. Ke2 Bd4 0-1

[Event "Titled Tuesday intern op 22nd Sept"]
[Site "Chess.com INT"]
[Date "2020.09.22"]
[Round "5"]
[White "Dourerassou, Jonathan"]
[Black "De Borba, Guilherme"]
[Result "0-1"]
[WhiteElo "2477"]
[BlackElo "2279"]
[PlyCount "46"]
[EventDate "2020.09.22"]
[EventType "swiss (blitz)"]
[EventRounds "10"]
[EventCountry "USA"]
[SourceTitle "CBM 198 Extra"]
[Source "ChessBase"]
[SourceDate "2020.11.30"]
[SourceVersion "1"]
[SourceVersionDate "2020.11.30"]
[SourceQuality "1"]

1. e4 c6 2. d4 d5 3. Nc3 dxe4 4. Nxe4 Nf6 5. Nxf6+ exf6 6. c3 Bd6 7. Bd3 0-0 8. Qc2 Re8+ 9. Ne2 h5 10. h4 Nd7 11. Be3 Nf8 12. 0-0-0 Be6 13. Kb1 b5 14. Rhe1 a5 15. Nf4 Bxf4 16. Bxf4 Qd5 17. b3 a4 18. b4 Qxg2 19. Rg1 Qf3 20. Bh6 Ng6 21. Be4 Bxa2+ 22. Qxa2 Qxe4+ 23. Ka1 gxh6 0-1

[Event "Titled Tuesday intern op 22nd Sept"]
[Site "Chess.com INT"]
[Date "2020.09.22"]
[Round "3"]
[White "Priasmoro, Novendra"]
[Black "De Borba, Guilherme"]
[Result "1-0"]
[WhiteElo "2502"]
[BlackElo "2279"]
[PlyCount "65"]
[EventDate "2020.09.22"]
[EventType "swiss (blitz)"]
[EventRounds "10"]
[EventCountry "USA"]
[SourceTitle "CBM 198 Extra"]
[Source "ChessBase"]
[SourceDate "2020.11.30"]
[SourceVersion "1"]
[SourceVersionDate "2020.11.30"]
[SourceQuality "1"]

1. Nf3 c5 2. g3 Nc6 3. Bg2 e5 4. 0-0 d5 5. c4 d4 6. d3 Nf6 7. e3 Be7 8. exd4 exd4 9. a3 0-0 10. Nbd2 Bf5 11. Qc2 h6 12. Re1 Qd7 13. Rb1 Rfe8 14. Ne5 Nxe5 15. Rxe5 Bd6 16. Rxe8+ Rxe8 17. Nf1 Bg4 18. Bd2 Bh3 19. Re1 Bxg2 20. Kxg2 Rxe1 21. Bxe1 Qc6+ 22. f3 Qe8 23. Bf2 h5 24. Qd2 h4 25. b4 Qa4 26. bxc5 Bxc5 27. gxh4 Qxa3 28. Ng3 a5 29. Nf5 g6 30. Qg5 Qxd3 31. Nh6+ Kg7 32. Qxc5 Kxh6 33. Qf8+ 1-0